000
00299nam a2200133Ia 4500
008
191201s2012 xx 000 0 und d
100
_a
GUILLEBEAU,Chris
245
4
_a
The $100 Startup
250
_a
Rep
260
_a
New Delhi
_b
Macmillan
_c
2012
300
_a
285
650
_a
MBA
942
_2
ddc
_c
BK
999
_c
5566
_d
5566